000 00807nam a2200289Ia 4500
005 20260324114639.0
008 008 260324s9999 xx 000 0 eng d
020 _a9781003199267
037 _aEBOOK
040 _aCRL
040 _beng
040 _cCRL
041 _2eng
041 _aeng
084 _qCRL
100 _aKristian Adi Putra Kristian Adi Putra; Nur Drajati
_91151600
245 0 _aPost Pandemic L2 Pedagogy
245 0 _bProceedings of the Language Teacher and Training Education Virtual International Conference (LTTE 2020), 22-25 September, 2020
260 _bTaylor and Francis
260 _c2021
365 _a
365 _b195
856 _uhttp://www.taylorfrancis.com/books/9781003199267
942 _cEBOOK
999 _c1741911
_d1741911